| 000 | 00714nam a2200241 u 4500 | ||
|---|---|---|---|
| 005 | 20240924071138.0 | ||
| 008 | 120622s2010 es r 000 0 spa d | ||
| 020 | _a9788466792936 | ||
| 035 | _aUPN01000185301 | ||
| 049 | _aCG | ||
| 050 | 4 |
_aPQ6704 L6.5 _bC6.6 |
|
| 100 | 1 |
_aConejo, Ana Isabel, _d1970- _930638 |
|
| 245 | 1 | 3 |
_aEl viaje de Zoe : _blibro octavo / _cAna Alonso, Javier Pelegrín. |
| 260 |
_aMadrid : _bAnaya, _c2010. |
||
| 300 | _a425 p. | ||
| 440 | 3 | _aLa llave del tiempo | |
| 650 | 0 |
_aNovela de fantasía _98197 |
|
| 650 | 4 |
_aVIAJES Y TRAVESIAS - _vNOVELA _911538 |
|
| 650 | 4 |
_aLiteratura española _95069 |
|
| 700 | 1 |
_aPelegrín, Javier, _d1967- _932302 |
|
| 905 | _aLibro | ||
| 999 |
_c157404 _d157404 |
||